<?xml version="1.0" encoding="UTF-8"?>
<marc:record xmlns:marc="http://www.loc.gov/MARC21/slim">
   <marc:leader>00000nam a2200000 a 4500</marc:leader>
   <marc:datafield ind1="1" ind2=" " tag="100">
      <marc:subfield code="a">Müller, Herta</marc:subfield>
      <marc:subfield code="4">aut</marc:subfield>
      <marc:subfield code="e">Verfasser/-in</marc:subfield>
   </marc:datafield>
   <marc:datafield ind1="0" ind2="0" tag="245">
      <marc:subfield code="a">Immer derselbe Schnee und immer derselbe Onkel</marc:subfield>
   </marc:datafield>
   <marc:datafield ind1="0" ind2="0" tag="245">
      <marc:subfield code="c">Herta Müller</marc:subfield>
   </marc:datafield>
   <marc:datafield ind1=" " ind2="1" tag="264">
      <marc:subfield code="a">München</marc:subfield>
      <marc:subfield code="b">Hanser</marc:subfield>
      <marc:subfield code="c">2011</marc:subfield>
   </marc:datafield>
   <marc:datafield ind1=" " ind2=" " tag="250">
      <marc:subfield code="a">1. [Aufl.]</marc:subfield>
   </marc:datafield>
   <marc:datafield ind1="1" ind2=" " tag="520">
      <marc:subfield code="a">Band mit 18 Vorträgen und Reden der spätestens mit der Literatur-Nobelpreisverleihung 2009 berühmt gewordenen Schriftstellerin aus den letzten 15 Jahren. Er enthält ein wichtiges Stück Autobiografie und gibt unmittelbaren Einblick in die Kernmotive ihres Schreibens. Den Anfang macht die eindrucksvolle Nobel-Preis-Rede, in der Herta Müller die biografischen Voraussetzungen ihres Schreibens offenlegt. Es folgen zentrale Erfahrungen ihrer Kinder- und Jugendjahre im Rumänien der Nachkriegszeit und die (spätere) Konfrontation mit ihrer Securitate-Akte. Unerlässlich für jedes tiefere Verständnis der "Atemschaukel" ist die dann folgende Darstellung der gemeinsamen Erinnerungsarbeit an die Lagerjahre des Freundes Oskar Pastior, dessen 2010 bekannt gewordene Securitate-Mitarbeit sie in einem hier erstmals nachzulesenden Beitrag überaus fair bewertet.</marc:subfield>
   </marc:datafield>
   <marc:datafield ind1=" " ind2=" " tag="020">
      <marc:subfield code="a">9783446235649</marc:subfield>
      <marc:subfield code="9">9783446235649</marc:subfield>
   </marc:datafield>
   <marc:datafield ind1=" " ind2=" " tag="041">
      <marc:subfield code="a">ger</marc:subfield>
   </marc:datafield>
   <marc:datafield ind1="1" ind2=" " tag="521">
      <marc:subfield code="a">0</marc:subfield>
   </marc:datafield>
   <marc:datafield ind1=" " ind2=" " tag="300">
      <marc:subfield code="a">249 S.</marc:subfield>
   </marc:datafield>
</marc:record>
